000 00588nam a2200205Ii 4500
003 JO-AjNU
008 230606s9999||||xx |||||||||||||| ||und||
020 _a978-0-691-04997-7
040 _aJO-AjNU
_beng
_erda
_cJO-AjNU
041 _aeng
050 1 4 _aP306.A58 2006
100 3 _aApter,Emily تأليف,
_eauthor
_91621
245 0 4 _aThe Translation Zone
264 3 1 _aUK:Princeton University,2006
300 _a298p
336 _atext
_btxt
_2rdacontent
337 _aunmediated
_bn
_2rdamedia
338 _avolume
_bnc
_2rdacarrier
650 4 _aThe Translation Zone-Translation
_91622
999 _aE851
_c851
_d851